Introduction to economics /

Salvato in:
Dettagli Bibliografici
Autore principale: Slavin, Stephen L (Autore)
Natura: Libro
Lingua:inglese
Pubblicazione: Homewood : IRWIN, 1989
Soggetti:
Tags: Aggiungi Tag
Nessun Tag, puoi essere il primo ad aggiungerne!!

MARC

LEADER 00000nam a22000003a 4500
001 stu2998
005 20150617225617.1
008 930127s1989----xxu-----------------eng-d
020 |a 0-256-06220-X 
040 |a STU  |b slo 
041 0 |a eng 
044 |a xxu 
080 |a 33  |7 stu_us_auth*stu7876 
100 1 |a Slavin, Stephen L  |4 aut 
245 1 |a Introduction to economics /  |c [aut.] Slavin,Stephen 
260 |a Homewood :  |b IRWIN,  |c 1989 
300 |a 590 s 
650 7 |a ekonomika  |2 stusub 
996 |b E77836  |c R*77836  |l RRUM  |s A  |a 24  |w stu2998_0001